Reprezentacje w Lidze Narodów - Dywizja D - Statystyki

Ogólne statystyki
  • Ten quiz został rozwiązany 111 razy
  • Średni wynik to 5 z 7
Statystyki odpowiedzi
Reprezentacja % Poprawnych
San Marino
97%
Andora
88%
Liechtenstein
83%
Gibraltar
76%
Malta
75%
Wyspy Owcze
62%
Łotwa
61%
Nie znaleziono quizów pasujących do podanych kryteriów
Rozkład punktacji
Procent ludzi z każdym wynikiem
Percentyl według liczby udzielonych odpowiedzi
Twoja historia wyników
Nie rozwiązałeś tego quizu